Ekonometričeskije metody

Salvato in:
Dettagli Bibliografici
Autore principale: Johnston, J.
Natura: Libro
Lingua:russo
Pubblicazione: Moskva Statistika 1980
Tags: Aggiungi Tag
Nessun Tag, puoi essere il primo ad aggiungerne!!

MARC

LEADER 00000nam a2200000 4500
001 c111345
005 20150325105457.6
041 0 |a rus 
044 |a RU 
245 1 0 |a Ekonometričeskije metody  |c J. Johnston 
264 1 |a Moskva  |b Statistika  |c 1980 
300 |a 444 s. 
100 1 |a Johnston, J.